000 00397nam a2200145Ia 4500
008 240624s9999 xx 000 0 und d
041 _aeng
082 _a332.01 McC
100 _aMCCAULEY JOSEPH L
245 _aDYNAMICS OF MARKETS THE NEW FINANCIAL EC
250 _a(2nd ed.)
260 _c2009
_aNew York
_bCambridge University Press
300 _axv, : 270 : p. : cm. ; 25
365 _cGBP
_b27
999 _c20625
_d20625